000 00686nam a2200169 a 4500
001 000030030
005 20240528201512.0
008 110428s2003 dr ac 000 0 spa d
040 _aDO-SdBNP
_bspa
_cBNPHU
100 1 _aBanca, Analía la
_956744
245 1 0 _aImplementación de los planes provinciales a favor de la niñez y la mujer en las provincias del Nordeste Cibao Central de la República Dominicana :
_binforme final de sistematización /
_cAnalía la Banca, Elsie Doñé Molina.
260 _aSanto Domingo :
_bUNICEF,
_c2003
_fEditorial Gente
300 _a57 p. :
_bil., retrs. ;
_c28 cm.
700 1 _aDoñé Molina, Elsie
_956745
710 2 _aUNICEF
_983236
049 _aBNPD
999 _c29522
_d29522